[Event "WJun Girls"]
[Site "Yerevan ARM"]
[Date "2006.10.04"]
[Round "2"]
[White "Sachdev,T"]
[Black "Gomes,M"]
[Result "1-0"]
[WhiteElo "2383"]
[BlackElo "2264"]
[EventDate "2006.10.03"]

1. d4 e6 2. c4 f5 3. Nf3 Nf6 4. g3 d5 5. Bg2 c6 6. O-O Bd6 7. b3 Qe7 8. Ne5
O-O 9. Bb2 Nbd7 10. Qc1 Kh8 11. Nd2 Ne4 12. Ndf3 c5 13. dxc5 Bxc5 14. cxd5
exd5 15. Nd3 Bd6 16. Nd4 a6 17. Nf4 Ndf6 18. Bh3 Qf7 19. f3 Ng5 20. Bg2 Bd7
21. Qd2 Rfe8 22. Kh1 Nh5 23. e3 Re7 24. Nde2 Bc6 25. Nd4 Rae8 26. Nxh5 Qxh5
27. Nxf5 Rd7 28. Bxg7+ Rxg7 29. Nxd6 Rf8 30. g4 Qg6 31. Nf5 Rgf7 32. Qb2+
Kg8 33. h4 Ne6 34. h5 Qf6 35. Qxf6 Rxf6 36. f4 Kh8 37. Kh2 Rg8 38. Bh3 h6
39. Rac1 Re8 40. Kg3 Ng7 41. Nxg7 Rxe3+ 42. Rf3 Rxf3+ 43. Kxf3 Kxg7 44. Rd1
Re6 45. Rd4 Re1 46. g5 Rg1 47. Kf2 Rh1 48. Kg3 Rg1+ 49. Bg2 Be8 50. g6 Bb5
51. Kh2 Ra1 52. a4 Bd7 53. Rxd5 Be6 54. Rd3 b5 55. Bh3 Bxh3 56. Kxh3 bxa4
57. bxa4 Rxa4 58. Rd7+ Kf6 59. g7 Ra3+ 60. Kg4 Ra1 61. g8=N+ Ke6 62. Re7+
Kd6 63. Kf5 1-0

[Event "WJun Girls"]
[Site "Yerevan ARM"]
[Date "2006.10.04"]
[Round "2"]
[White "Nadig,K"]
[Black "Muhren,B"]
[Result "0-1"]
[WhiteElo "2184"]
[BlackElo "2336"]
[EventDate "2006.10.03"]

1. e4 c5 2. Nf3 d6 3. d4 cxd4 4. Nxd4 Nf6 5. Nc3 a6 6. Bg5 e6 7. f4 Qc7 8.
Qf3 b5 9. f5 b4 10. Ncb5 axb5 11. Bxb5+ Bd7 12. fxe6 Bxb5 13. Nxb5 Qc4 14.
e5 Qxb5 15. exf6 Ra7 16. Be3 Rc7 17. e7 Bxe7 18. fxe7 Rxc2 19. Rf1 f6 20.
Rf2 Rc7 21. Rc1 Rxc1+ 22. Bxc1 Kxe7 23. Re2+ Kf7 24. Qb3+ d5 25. a4 Qc6 26.
Bd2 Na6 27. Qf3 Qd7 28. Qh5+ g6 29. Qh6 Nc5 30. Kf1 Ne4 31. Bxb4 Qxa4 32.
Be1 Qc4 33. Qh3 Qc6 34. Qh4 Qd7 35. Rc2 h5 36. Qf4 Rc8 37. Rxc8 Qxc8 38.
Qh6 Qc4+ 39. Kg1 Qd4+ 40. Kf1 Qd3+ 41. Kg1 Ng5 42. h4 Ne6 43. Qh7+ Ng7 44.
Kh2 Qe2 45. Bg3 Qxb2 46. Qh8 Qb7 47. Bd6 Ke6 48. Bg3 Qd7 49. Qg8+ Kf5 50.
Qb8 d4 51. Bd6 Ke6 52. Bb4 Ne8 53. Kh1 Kf7 54. Qb6 Nc7 55. Bd6 Nb5 56. Bb4
d3 57. Bd2 Nd4 58. Qa6 Nf5 59. Qc4+ Kg7 60. Qf4 Qd6 61. Qf3 Ng3+ 62. Kg1
Ne2+ 63. Kh1 Qb6 64. Be3 Qb4 65. Qf2 d2 66. Qxe2 Qxh4+ 0-1

[Event "WJun Girls"]
[Site "Yerevan ARM"]
[Date "2006.10.04"]
[Round "2"]
[White "Prismontaite,R"]
[Black "Arutyunova,D"]
[Result "1/2-1/2"]
[WhiteElo "1963"]
[BlackElo "2362"]
[EventDate "2006.10.03"]

1. d4 Nf6 2. c4 c5 3. d5 e6 4. Nc3 exd5 5. cxd5 d6 6. e4 g6 7. f4 Bg7 8.
Bb5+ Nfd7 9. a4 O-O 10. Nf3 Na6 11. O-O Nb4 12. Re1 a6 13. Bf1 Nf6 14. h3
b6 15. Be3 Re8 16. Bf2 Nh5 17. g3 Bb7 18. Qd2 Nf6 19. Rad1 Re7 20. g4 Qe8
21. Bd3 Nd7 22. Bc4 f6 23. Bh4 Rf7 24. g5 Qf8 25. gxf6 Bxf6 26. Bxf6 Rxf6
27. Ng5 Re8 28. Ne6 Qh6 29. Kh2 Bc8 30. e5 dxe5 31. fxe5 Qxd2+ 32. Rxd2 Rf5
33. d6 Rxe5 34. Nc7+ Kh8 35. Rf1 Rf5 36. Rdf2 Ref8 37. Rxf5 Rxf5 38. Rxf5
gxf5 39. Be6 Nd3 40. N3d5 N3e5 41. Ne8 Bb7 42. Ndf6 Bc6 43. Kg3 Bxa4 44.
Kf4 Bb5 45. Kxf5 Bd3+ 46. Kg5 Nf8 47. Bc8 Bg6 48. Bf5 Bf7 49. d7 Nc6 50.
Nd6 Be6 51. Nb7 Kg7 52. Nh5+ Kg8 53. d8=Q Nxd8 54. Nxd8 h6+ 55. Kxh6 Bb3
56. Nf6+ Kh8 57. Nc6 b5 58. Ne7 b4 59. Ng6+ Nxg6 60. Kxg6 c4 61. Ne4 a5 62.
Nd2 a4 63. Nxb3 cxb3 64. Be6 a3 65. Bxb3 axb2 66. Bc2 1/2-1/2

[Event "WJun Girls"]
[Site "Yerevan ARM"]
[Date "2006.10.04"]
[Round "2"]
[White "Mona,Khaled"]
[Black "Papadopoulou,V"]
[Result "1/2-1/2"]
[WhiteElo "1994"]
[BlackElo "2246"]
[EventDate "2006.10.03"]

1. d4 Nf6 2. Nf3 c5 3. e3 d5 4. c3 Qc7 5. Ne5 Bf5 6. Be2 Nbd7 7. f4 e6 8.
Nd2 a6 9. O-O h5 10. Ndf3 Be7 11. Bd2 h4 12. Nxd7 Nxd7 13. Ne5 Nxe5 14.
fxe5 O-O-O 15. Bg4 g6 16. b4 c4 17. a4 b6 18. h3 f6 19. e4 dxe4 20. Bf4 Qd7
21. Qe2 Qd5 22. exf6 Bxf6 23. Bh2 Rhf8 24. Rf2 Bg5 25. Bf4 Be7 26. Rff1 Rf7
27. Rf2 Rdf8 28. Raf1 Bd8 29. Be5 Bg5 30. Bf4 Be7 31. Be5 Kd7 32. Bf4 Bd8
33. Be5 Bg5 34. Bf4 Bf6 35. Be5 Bd8 36. Bf4 Kc8 37. Be5 Kb7 38. Bf4 Bf6 39.
Qe3 Qd8 40. Qe2 Qd5 41. Qe3 e5 42. dxe5 Bxe5 43. Bxe5 Qxe5 44. Rf4 Rf6 45.
Rd1 g5 46. Rxf5 Rxf5 47. Rd7+ Kc6 48. Bxf5 Rxf5 49. Rd4 Rf4 50. Rxc4+ Kb7
51. a5 Qf6 52. Rxe4 Rf1+ 53. Kh2 Qd6+ 54. Re5 bxa5 55. bxa5 Ra1 56. Qd4 Qc7
57. Qb4+ Kc8 58. Qc5 Rc1 59. Qxc7+ Kxc7 60. Rxg5 Rxc3 61. Rh5 Rc4 62. g4
hxg3+ 63. Kxg3 Kc6 64. h4 Rc3+ 65. Kg4 Rc1 66. Rg5 Rc4+ 67. Kh5 Rd4 68. Rg4
Rd5+ 69. Kg6 Rxa5 70. h5 Rb5 71. h6 Rb8 72. h7 a5 73. Rh4 Rh8 74. Kg7 Rxh7+
75. Kxh7 Kb5 76. Kg6 a4 77. Rh1 a3 78. Kf5 Kc4 79. Rh3 Kb4 80. Rh8 a2 81.
Rb8+ Kc3 82. Ra8 Kb2 83. Rxa2+ Kxa2 1/2-1/2

[Event "WJun Girls"]
[Site "Yerevan ARM"]
[Date "2006.10.05"]
[Round "3"]
[White "Hou Yifan"]
[Black "Kadziolka,B"]
[Result "1-0"]
[WhiteElo "2481"]
[BlackElo "2346"]
[EventDate "2006.10.03"]

1. e4 c5 2. Nf3 d6 3. d4 cxd4 4. Nxd4 Nf6 5. Nc3 Bd7 6. f4 Nc6 7. Nf3 g6 8.
Bd3 Bg7 9. O-O O-O 10. Qe1 Rc8 11. Kh1 Nb4 12. Qh4 Nxd3 13. cxd3 Qa5 14. f5
b5 15. Bh6 b4 16. Ne2 Rc2 17. Nf4 Rxb2 18. Ng5 Rxa2 19. Rab1 Qe5 20. fxg6
hxg6 21. d4 Qxd4 22. Ne2 Rxe2 23. Bxg7 Kxg7 24. Rxf6 Rh8 25. Rxf7+ Kg8 26.
Qf4 Qe5 27. Rf8+ Kg7 28. Qf7+ Kh6 29. h4 Rxf8 30. Qh7+ 1-0

[Event "WJun Girls"]
[Site "Yerevan ARM"]
[Date "2006.10.05"]
[Round "3"]
[White "Aghabekian,L"]
[Black "Harika,D"]
[Result "0-1"]
[WhiteElo "2179"]
[BlackElo "2353"]
[EventDate "2006.10.03"]

1. e4 c5 2. Nf3 Nc6 3. Bb5 g6 4. O-O Bg7 5. c3 Nf6 6. d4 cxd4 7. cxd4 Nxe4
8. d5 Nd6 9. Na3 a6 10. Qa4 Ne5 11. Nxe5 Bxe5 12. Nc4 Nxc4 13. Bxc4 O-O 14.
Bh6 Re8 15. d6 e6 16. Rad1 Bxh2+ 17. Kxh2 Qh4+ 18. Kg1 Qxh6 19. Be2 Rb8 20.
Bf3 b5 21. Qa5 Bb7 22. Bxb7 Rxb7 23. Qxa6 Reb8 24. Rc1 Qf4 25. Rc8+ Kg7 26.
Rxb8 Rxb8 27. b3 Qd4 28. Rc1 Rb6 29. Qa8 Rxd6 30. g3 Qe5 31. a4 bxa4 32.
bxa4 Rd2 33. a5 Ra2 34. Qa7 d6 35. a6 Qe2 36. Rf1 Rxa6 37. Qd4+ e5 38. Qd5
Qa2 39. Qe4 Ra4 40. Qe3 Rd4 41. Rc1 h5 42. Qg5 Qd2 0-1

[Event "WJun Girls"]
[Site "Yerevan ARM"]
[Date "2006.10.05"]
[Round "3"]
[White "Abrahamyan,T"]
[Black "Sachdev,T"]
[Result "1-0"]
[WhiteElo "2292"]
[BlackElo "2383"]
[EventDate "2006.10.03"]

1. e4 c5 2. Nf3 e6 3. d4 cxd4 4. Nxd4 a6 5. Bd3 Qc7 6. O-O Nf6 7. Nc3 Nc6
8. Nxc6 bxc6 9. Qe2 d5 10. b3 Bb7 11. Bb2 Be7 12. Rae1 h5 13. e5 Nd7 14. f4
g6 15. Na4 Nb6 16. Nxb6 Qxb6+ 17. Kh1 c5 18. Qf2 a5 19. Bc1 Kd7 20. Be3
Rhc8 21. c4 d4 22. Bd2 a4 23. Rb1 axb3 24. Rxb3 Qc7 25. f5 gxf5 26. Bxf5
Rxa2 27. Bh3 Rf8 28. Qe1 Ba6 29. Bh6 Rh8 30. Bg7 Rg8 31. Rxf7 Rxg7 32. Rxg7
Qxe5 33. Qb1 Qe4 1-0

[Event "WJun Girls"]
[Site "Yerevan ARM"]
[Date "2006.10.05"]
[Round "3"]
[White "Videnova,I"]
[Black "Butskhrikidze,A"]
[Result "1-0"]
[WhiteElo "2141"]
[BlackElo "2001"]
[EventDate "2006.10.03"]

1. c4 e5 2. g3 d6 3. Bg2 c6 4. Nc3 Be6 5. d3 Nd7 6. e4 g6 7. Nge2 Bg7 8.
O-O Ne7 9. b3 O-O 10. d4 exd4 11. Nxd4 d5 12. cxd5 cxd5 13. exd5 Nxd5 14.
Nxd5 Bxd5 15. Bxd5 Nc5 16. Nc2 Bxa1 17. Nxa1 Qd7 18. Bb2 Ne6 19. Qf3 Qe7
20. Qc3 f6 21. Re1 1-0

[Event "WJun Girls"]
[Site "Yerevan ARM"]
[Date "2006.10.05"]
[Round "3"]
[White "Purtseladze,M"]
[Black "Mikadze,M"]
[Result "1-0"]
[WhiteElo "2329"]
[BlackElo "2229"]
[EventDate "2006.10.03"]

1. d4 Nf6 2. c4 c6 3. Nf3 d5 4. e3 g6 5. Nc3 Bg7 6. cxd5 cxd5 7. Bb5+ Nbd7
8. Qb3 e6 9. O-O O-O 10. Bd3 a6 11. Bd2 b6 12. Rfc1 Bb7 13. Na4 Ne4 14. Ba5
bxa5 15. Qxb7 Rb8 16. Qxa6 Rb4 17. Qc6 Nb6 18. a3 Rxa4 19. b3 Rxd4 20. exd4
Nd6 21. Qc7 a4 22. Qxd8 Rxd8 23. Rc6 Nbc8 24. bxa4 Ne7 25. Rc7 Nef5 26.
Bxf5 Nxf5 27. Rac1 Nd6 28. a5 Ra8 29. a6 Rxa6 30. R7c6 Rxc6 31. Rxc6 Nc4
32. a4 Bf8 33. Ne5 Na5 34. Rc8 Kg7 35. Nc6 Nxc6 36. Rxc6 Bb4 37. Rb6 Bc3
38. Rb7 Kf6 39. Rc7 Bxd4 40. a5 Ke5 41. a6 Kd6 42. a7 Kxc7 43. a8=Q f6 44.
Qh8 Kd6 45. Qxh7 g5 46. Qd3 e5 47. g3 Kc5 48. h4 gxh4 49. gxh4 e4 50. Qc2+
1-0

[Event "WJun Girls"]
[Site "Yerevan ARM"]
[Date "2006.10.05"]
[Round "3"]
[White "Perez Rodriguez,Je"]
[Black "Prismontaite,R"]
[Result "1-0"]
[WhiteElo "2250"]
[BlackElo "1963"]
[EventDate "2006.10.03"]

1. e4 c5 2. c3 Nf6 3. e5 Nd5 4. d4 cxd4 5. Nf3 Nc6 6. cxd4 d6 7. Bc4 Nb6 8.
Bb5 dxe5 9. Nxe5 Bd7 10. Nxd7 Qxd7 11. O-O a6 12. Bxc6 Qxc6 13. Nc3 e6 14.
Re1 Rd8 15. Bg5 f6 16. Qh5+ Ke7 17. Be3 g6 18. Qg4 Bg7 19. Rac1 Nd5 20.
Nxd5+ Qxd5 21. Rc5 Qxa2 22. d5 Rxd5 23. Rc7+ Rd7 24. Qb4+ Kd8 25. Rxd7+
Kxd7 26. Qxb7+ Kd6 27. Rd1+ Ke5 28. Qc7+ 1-0

[Event "WJun Girls"]
[Site "Yerevan ARM"]
[Date "2006.10.05"]
[Round "3"]
[White "Dolgova,O"]
[Black "Savurko,A"]
[Result "1-0"]
[WhiteElo "2259"]
[BlackElo "2168"]
[EventDate "2006.10.03"]

1. d4 d5 2. c4 Nc6 3. cxd5 Qxd5 4. Nf3 e5 5. Nc3 Bb4 6. e3 Bg4 7. Be2 exd4
8. exd4 Nge7 9. O-O Bxc3 10. bxc3 O-O 11. c4 Qe4 12. Bb2 Ng6 13. Re1 Nf4
14. Bf1 Qg6 15. Kh1 Qh5 16. Re3 Rfe8 17. Qd2 Re6 18. Rxe6 Nxe6 19. d5 Bxf3
20. gxf3 Qxf3+ 21. Bg2 Qg4 22. dxe6 Qxe6 23. Qc3 Qh6 24. Rg1 f6 25. Qg3 Rc8
26. Bd5+ Kh8 27. Bc1 g5 28. Bb2 Ne7 29. Bxb7 Rf8 30. Qxc7 Ng6 31. Qg3 Nf4
32. Bf3 Nd3 33. Bd4 Qg7 34. Bd5 Ne5 35. Bxe5 fxe5 36. Qxg5 Qxg5 37. Rxg5 h6
38. Rxe5 Rxf2 39. c5 1-0

[Event "WJun Girls"]
[Site "Yerevan ARM"]
[Date "2006.10.05"]
[Round "3"]
[White "Arutyunova,D"]
[Black "Solic,K"]
[Result "1/2-1/2"]
[WhiteElo "2362"]
[BlackElo "2129"]
[EventDate "2006.10.03"]

1. e4 c5 2. Nf3 d6 3. d4 cxd4 4. Nxd4 Nf6 5. Nc3 Nc6 6. f3 e5 7. Nb3 Be7 8.
Be3 O-O 9. Qd2 a5 10. Na4 Be6 11. Nb6 a4 12. Nxa8 Qxa8 13. Nc1 a3 14. b4 d5
15. b5 Nb4 16. Bd3 dxe4 17. fxe4 Rd8 18. O-O Nxe4 19. Qe1 Nf6 20. Bb6
1/2-1/2

[Event "WJun Girls"]
[Site "Yerevan ARM"]
[Date "2006.10.05"]
[Round "3"]
[White "Marchadour,E"]
[Black "Pourkashiyan,A"]
[Result "1/2-1/2"]
[WhiteElo "2091"]
[BlackElo "2330"]
[EventDate "2006.10.03"]

1. e4 e5 2. Nf3 Nc6 3. Bb5 f5 4. exf5 Nf6 5. d3 Bc5 6. O-O O-O 7. Nc3 d6 8.
Ne4 Bb6 9. Bg5 Bxf5 10. Nxf6+ gxf6 11. Bh6 Rf7 12. Nh4 Be6 13. Qh5 Kh8 14.
Kh1 Qc8 15. c3 Qg8 16. h3 Ne7 17. Bc4 d5 18. Bb3 Ng6 19. Nf3 Rd7 20. d4 e4
21. Nh4 Nxh4 22. Qxh4 Qg6 23. Rae1 Rg8 24. Rg1 c6 25. Rxe4 f5 26. Re3 Bd8
27. Qf4 Bc7 28. Qh4 Bd8 29. Qf4 1/2-1/2

[Event "WJun Girls"]
[Site "Yerevan ARM"]
[Date "2006.10.05"]
[Round "3"]
[White "Karavade,E"]
[Black "Darbinian,N"]
[Result "1/2-1/2"]
[WhiteElo "2321"]
[BlackElo "2079"]
[EventDate "2006.10.03"]

1. d4 Nf6 2. c4 e6 3. Nc3 Bb4 4. Nf3 c5 5. g3 Nc6 6. Bg2 O-O 7. O-O d6 8.
Bg5 Bxc3 9. bxc3 h6 10. Be3 Ng4 11. Bc1 Qc7 12. h3 Nf6 13. dxc5 dxc5 14.
Be3 Qe7 15. Rb1 Rb8 16. Ne1 Bd7 17. Nd3 b6 18. Bf4 Rbd8 19. Qc1 Nh5 20. Rd1
Na5 21. Ne5 Ba4 22. Rd3 Nxf4 23. Qxf4 Bc2 24. Rxd8 Rxd8 25. Rc1 Ba4 26. Be4
Qc7 27. Qh4 Qd6 28. Bd3 Nc6 29. Nf3 Qe7 30. Qe4 f5 31. Qe3 Qf6 32. g4 fxg4
33. hxg4 Ne7 34. g5 hxg5 35. Nxg5 e5 36. Nf3 Qf4 37. Nxe5 Qxe3 38. fxe3 Re8
39. Rf1 Nc6 40. Ng6 Ne5 41. Nxe5 Rxe5 42. Kf2 Bc6 43. Rg1 Kf7 44. Rg4 Re6
45. e4 Re5 46. Rf4+ Ke7 47. Rh4 Kf6 48. Kf3 Rf5+ 49. Kg2 Kg5 50. Rh7 Kg6
51. Rh3 Rf4 52. Rg3+ Kf6 53. Rf3 Ke5 54. Kg3 g5 55. Rxf4 gxf4+ 56. Kf3 Bb7
57. Bc2 Bc6 1/2-1/2

[Event "WJun Girls"]
[Site "Yerevan ARM"]
[Date "2006.10.05"]
[Round "3"]
[White "Kharatyan,A"]
[Black "Rudolf,An"]
[Result "1-0"]
[WhiteElo "2070"]
[BlackElo "2265"]
[EventDate "2006.10.03"]

1. e4 e6 2. d4 d5 3. exd5 exd5 4. Bd3 Nc6 5. c3 Bd6 6. Qf3 Nge7 7. Ne2 Be6
8. Bf4 Qd7 9. h3 O-O-O 10. Nd2 Bf5 11. O-O-O Bxd3 12. Qxd3 Qf5 13. Qxf5+
Nxf5 14. g4 Nh4 15. Bg3 Ng6 16. Nf1 h5 17. Ne3 Bxg3 18. fxg3 Rde8 19. Kd2
Nce7 20. Rdf1 f6 21. Nf5 Reg8 22. gxh5 Rxh5 23. Nxe7+ Nxe7 24. Nf4 Rh6 25.
Re1 Kd7 26. g4 g5 27. Nh5 f5 28. Re5 Rf8 29. Rf1 c6 30. Ng7 Rxh3 31. gxf5
Rh2+ 32. Kc1 Ng6 33. Re3 Nf4 34. Rfe1 Rf7 35. Ne6 b6 36. Nxg5 Rxf5 37. Nf3
Rf2 38. Kb1 Ng2 39. Re7+ Kc8 40. Re8+ Kb7 41. R1e7+ Ka6 42. a4 b5 43. Ne5
bxa4 44. Ra8 Rxe5 45. Raxa7+ Kb5 46. dxe5 Re2 47. Reb7+ Kc4 48. Rxa4+ Kc5
49. Rg4 d4 50. Rxd4 Re1+ 51. Ka2 Re2 52. Ka3 Rxb2 53. Kxb2 Ne3 54. e6 Nf5
55. e7 1-0

[Event "WJun Girls"]
[Site "Yerevan ARM"]
[Date "2006.10.05"]
[Round "3"]
[White "Gomes,M"]
[Black "Mona,Khaled"]
[Result "1-0"]
[WhiteElo "2264"]
[BlackElo "1994"]
[EventDate "2006.10.03"]

1. Nf3 c5 2. c4 e6 3. g3 d5 4. Bg2 Nf6 5. b3 Be7 6. Bb2 O-O 7. O-O Nc6 8.
e3 d4 9. exd4 cxd4 10. d3 e5 11. Re1 Bd6 12. a3 a5 13. Nbd2 Bg4 14. Rc1 Nd7
15. Qc2 f5 16. h3 Bh5 17. Nh2 Qf6 18. g4 Bg6 19. gxf5 Bxf5 20. Ne4 Bxe4 21.
Bxe4 Nc5 22. f3 Qh4 23. Qg2 Rf4 24. Kh1 Nxe4 25. Rxe4 Raf8 26. Rg1 g6 27.
Bc1 Rxe4 28. dxe4 Be7 29. Qf1 Nd8 30. c5 Ne6 31. b4 axb4 32. axb4 Kg7 33.
Rg4 Qh5 34. Qc4 Ng5 35. Bxg5 Bxg5 36. Kg2 Ra8 37. Qd5 Kh6 38. Rg3 Bf4 39.
Ng4+ Kg5 40. Qf7 Kh4 41. Nf6 Bxg3 42. Nxh5 Kxh5 43. Kxg3 h6 44. Qe6 d3 45.
Qg4+ 1-0

[Event "WJun Girls"]
[Site "Yerevan ARM"]
[Date "2006.10.05"]
[Round "3"]
[White "Mongontuul,B"]
[Black "Zhang Jilin"]
[Result "1-0"]
[WhiteElo "2383"]
[BlackElo "2292"]
[EventDate "2006.10.03"]

1. e4 c5 2. Nc3 d6 3. g3 Nc6 4. Bg2 e6 5. Nge2 Nf6 6. O-O Be7 7. d3 O-O 8.
f4 Nd4 9. h3 Rb8 10. Be3 Nxe2+ 11. Nxe2 b5 12. g4 Bb7 13. Ng3 Nd7 14. Qe2
Bh4 15. Kh2 f5 16. Rad1 Kh8 17. Bc1 Bxg3+ 18. Kxg3 Nb6 19. Bf3 d5 20. Rg1
Qc7 21. Kg2 Rbd8 22. gxf5 exf5 23. e5 d4 24. c4 a6 25. b3 Rfe8 26. Kf2 Re6
27. Rg3 Rd7 28. Rdg1 Qd8 29. Bd2 b4 30. Rg5 Bxf3 31. Qxf3 Rf7 32. Qg2 Qc7
33. Qf3 Rh6 34. R1g3 Qc6 35. Qd1 Nd7 36. Qg1 g6 37. Qf1 Nf8 38. Rg1 Ne6 39.
R5g3 Ra7 40. Qe2 Qb7 41. Qf3 Qxf3+ 42. Rxf3 a5 43. a3 Rh5 44. Ke2 Kg7 45.
Ra1 Re7 46. axb4 axb4 47. Ra5 g5 48. Rg3 Kf7 49. fxg5 f4 50. Rg4 Kg6 51. h4
h6 52. gxh6+ Kxh6 53. Kf3 Rxe5 54. Ra6 Kh7 55. Rg1 Rf7 56. Re1 Rxe1 57.
Bxe1 Ng7 58. Rc6 Ra7 59. Rxc5 Ra3 60. Rb5 Rxb3 61. Kxf4 Rxd3 62. Bxb4 Rd1
63. Rb7 Kg6 64. Ke4 Rh1 65. Rb6+ Kf7 66. Rb7+ Kg6 67. Kxd4 Rxh4+ 68. Kc5
Ne6+ 69. Kd6 Nd8 70. Rc7 Nf7+ 71. Ke6 Re4+ 72. Kd5 Re5+ 73. Kc6 Re6+ 74.
Kb5 Ne5 75. c5 Kf5 76. Bc3 Nd3 77. c6 Re8 78. Rd7 Nf4 79. Kc5 Ke6 80. Rd4
Kf5 81. Rd7 Ke6 82. Bd2 Ng6 83. Rd6+ Kf7 84. c7 Nf8 85. Kd5 Rc8 86. Ba5 Ra8
87. Bb6 Ng6 88. Rd7+ Kf6 89. Bd4+ Kf5 90. Rf7+ Kg5 91. Kc6 1-0

[Event "WJun Girls"]
[Site "Yerevan ARM"]
[Date "2006.10.05"]
[Round "3"]
[White "Aketaeva,D"]
[Black "Hamrakulova,Y"]
[Result "1/2-1/2"]
[WhiteElo "2312"]
[BlackElo "2209"]
[EventDate "2006.10.03"]

1. e4 e6 2. d4 d5 3. Nc3 dxe4 4. Nxe4 Nd7 5. Nf3 Ngf6 6. Bd3 Nxe4 7. Bxe4
Nf6 8. Bd3 Be7 9. Qe2 c5 10. dxc5 Bxc5 11. O-O O-O 12. Bg5 Be7 13. Ne5 Nd5
14. Bd2 Qb6 15. c4 Nb4 16. Bb1 Nc6 17. Bc3 Nxe5 18. Qxe5 f6 19. Qg3 Bb4 20.
Qh4 f5 21. Be5 Bd6 22. Qg3 Bxe5 23. Qxe5 Rd8 24. Bc2 Qd4 25. Rfe1 Qxe5 26.
Rxe5 Rd2 27. Bb3 Bd7 28. Rd1 Rxd1+ 29. Bxd1 Kf7 30. b4 Kf6 31. Re2 e5 32.
Rd2 Be6 33. c5 Ke7 34. f3 Rd8 35. Rxd8 Kxd8 36. a4 Kc7 37. a5 b6 38. cxb6+
axb6 39. axb6+ Kxb6 40. Be2 Bd7 41. Bd3 g6 42. Kf2 Be6 43. Ke3 Kc6 44. Kd2
Bd5 45. Kc3 Kd6 46. Ba6 h6 47. Kd3 e4+ 48. Ke3 g5 49. fxe4 Bxe4 50. Kf2 f4
51. Be2 Bd5 52. Bf3 Bc4 53. h3 Bb5 54. Be2 Bd7 55. Bf3 Ke5 56. Bb7 Kd4 57.
Ba6 Bf5 58. Be2 Be6 59. Bf1 Bd5 60. Ba6 Be6 61. Bf1 Bd5 62. Be2 Be6 63. Bf1
Bd5 64. g3 fxg3+ 65. Kxg3 Be6 66. Ba6 Bd5 67. Be2 Be6 68. Bf1 Ke5 69. Be2
Kd4 70. Bg4 Bb3 71. Bd7 Bd1 72. Bc6 Kc4 73. b5 Kc5 74. Bd7 Kb6 75. Bg4 Bb3
1/2-1/2

[Event "WJun Girls"]
[Site "Yerevan ARM"]
[Date "2006.10.05"]
[Round "3"]
[White "Darbinyan,A"]
[Black "Hoang Thi Bao Tram"]
[Result "1/2-1/2"]
[WhiteElo "2102"]
[BlackElo "2345"]
[EventDate "2006.10.03"]

1. Nf3 Nf6 2. c4 c6 3. d4 d5 4. Qc2 g6 5. Bf4 Bg7 6. e3 O-O 7. Bd3 Nbd7 8.
O-O dxc4 9. Bxc4 Nb6 10. Bb3 Bf5 11. Qe2 Bg4 12. Nbd2 a5 13. h3 Bxf3 14.
Nxf3 a4 15. Bc2 Nbd5 16. Be5 Nb4 17. a3 Nxc2 18. Qxc2 Qb6 19. Nd2 Rfc8 20.
Rac1 Qa5 21. Rfd1 Nd7 22. Bxg7 Kxg7 23. Ne4 Rd8 24. Qc4 Nb6 25. Qc5 Nd5 26.
Qxa5 Rxa5 27. Nc5 Rb5 28. Rd2 Ra8 29. e4 Nf6 30. f3 b6 31. Nd3 Rd8 32. Rc4
c5 33. dxc5 Rxc5 34. Rxa4 Rc7 35. Kf2 Rcd7 36. Ke3 Nh5 37. Rc4 f5 38. exf5
gxf5 39. g4 fxg4 40. hxg4 Ng3 41. Rc1 h5 42. gxh5 Nf5+ 43. Ke2 Ng3+ 44. Ke3
Nf5+ 45. Ke2 Ng3+ 46. Kf2 Nxh5 47. Ke3 Rd6 48. Rg2+ Kf8 49. Ne5 Rd1 50.
Rxd1 Rxd1 51. Rd2 Re1+ 52. Re2 Rd1 53. Rd2 Re1+ 54. Kd4 Nf6 55. Rc2 Rd1+
56. Nd3 Nd7 57. Ke3 Kf7 58. Rc1 Rxc1 59. Nxc1 Ke6 60. Kd4 Kd6 61. f4 e5+
62. fxe5+ Nxe5 63. Nd3 Nf3+ 64. Kc4 Kc6 65. Nb4+ Kb7 66. Nc2 Ka6 67. a4 Ka5
68. b3 Nd2+ 69. Kc3 Nxb3 1/2-1/2

[Event "WJun Girls"]
[Site "Yerevan ARM"]
[Date "2006.10.05"]
[Round "3"]
[White "Papadopoulou,V"]
[Black "Melia,S"]
[Result "0-1"]
[WhiteElo "2246"]
[BlackElo "2395"]
[EventDate "2006.10.03"]

1. d4 d5 2. Nf3 Nf6 3. c4 e6 4. g3 Bb4+ 5. Bd2 Be7 6. Bg2 O-O 7. O-O c6 8.
Qc2 b6 9. b3 Ba6 10. Bf4 Nbd7 11. Nbd2 Nh5 12. e4 Nxf4 13. gxf4 Rc8 14.
Rfe1 Bb4 15. Qd3 c5 16. a3 dxc4 17. bxc4 Bxd2 18. Nxd2 cxd4 19. Qxd4 Nc5
20. Qe3 Qd3 21. f5 exf5 22. exf5 Qxf5 23. Qg3 Rcd8 24. Bd5 Bxc4 25. Re5 Qf6
26. Bxc4 Rxd2 27. Rae1 g6 28. Re7 Rd7 29. Rxd7 Nxd7 30. Qc7 Nc5 31. Re3
Qg5+ 32. Kf1 Qg4 33. Ba2 Ne4 34. Qb7 Qd1+ 35. Kg2 Qc2 36. Rxe4 Qxa2 37.
Qxa7 Qd5 38. Qe7 Ra8 39. f3 Qa2+ 40. Kg3 Qxa3 41. Qf6 Qb3 42. Re7 b5 43.
Qc6 Ra1 44. Qf6 Ra8 45. Qc6 Rb8 46. Qd6 Rc8 47. Rb7 Qc4 48. Qb6 Rc5 49.
Qd8+ Kg7 50. Rb8 Qd5 51. Qf8+ Kf6 52. Rb6+ Kf5 53. Qe7 Qe5+ 54. Qxe5+ Kxe5
55. Rb7 Ke6 56. Rb6+ Kd5 57. Rb7 Kc6 58. Rxf7 b4 59. Rf4 Rb5 0-1

[Event "WJun Girls"]
[Site "Yerevan ARM"]
[Date "2006.10.05"]
[Round "3"]
[White "Topel,Z"]
[Black "Dierckens,S"]
[Result "1-0"]
[WhiteElo "2256"]
[BlackElo "1862"]
[EventDate "2006.10.03"]

1. d4 Nf6 2. c4 c5 3. d5 e6 4. Nc3 exd5 5. cxd5 d6 6. e4 g6 7. f3 Bg7 8.
Bg5 O-O 9. Nge2 a6 10. a4 Nbd7 11. Nc1 Re8 12. Be2 Qb6 13. Qd2 Ne5 14. a5
Qa7 15. Na4 Ned7 16. O-O b5 17. axb6 Nxb6 18. Be3 Nxa4 19. Rxa4 Qb6 20. b4
Bd7 21. bxc5 dxc5 22. Rc4 Rac8 23. Nd3 Bb5 24. Rxc5 Rxc5 25. Bxc5 Qc7 26.
Bf2 Qe7 27. Nc1 Bxe2 28. Nxe2 Rd8 29. Qa5 Rxd5 30. exd5 Qxe2 31. Re1 Qb2
32. Qd8+ Bf8 33. Bg3 Qd4+ 34. Kh1 Qc3 35. d6 Kg7 36. Qc7 Qd2 37. Qc1 Qa5
1-0

[Event "WJun Girls"]
[Site "Yerevan ARM"]
[Date "2006.10.06"]
[Round "4"]
[White "Melia,S"]
[Black "Andriasian,S"]
[Result "1-0"]
[WhiteElo "2395"]
[BlackElo "2264"]
[EventDate "2006.10.03"]

1. e4 c5 2. Nf3 d6 3. Bc4 Nf6 4. d3 a6 5. O-O Nc6 6. a3 g6 7. Ba2 Bg7 8.
Re1 O-O 9. Nbd2 b5 10. Nf1 a5 11. a4 bxa4 12. Bc4 Nd7 13. Bb5 Qc7 14. Ne3
Nb6 15. Nc4 Bg4 16. h3 Bxf3 17. gxf3 f5 18. Nxb6 Qxb6 19. Bxa4 fxe4 20.
dxe4 Kh8 21. c3 Qc7 22. Kg2 e6 23. f4 Ne7 24. Qg4 e5 25. fxe5 Bxe5 26. f4
h5 27. Qg3 Bg7 28. Bc2 Qb7 29. Kh2 Rae8 30. Rxa5 Rf6 31. Ra1 Bh6 32. Rf1
Ref8 33. b3 g5 34. f5 Rg8 35. Bb2 c4 36. Ra4 Rc8 37. Rb4 Qd7 38. bxc4 Ng6
39. c5 Rxc5 40. Rb8+ Kg7 41. Ra1 g4 42. Kh1 Bf4 43. Qf2 Be5 44. Raa8 Nf8
45. Qh4 Rxf5 46. exf5 Qc6+ 47. Kg1 Bf6 48. Ra7+ Nd7 49. Qxh5 1-0

[Event "WJun Girls"]
[Site "Yerevan ARM"]
[Date "2006.10.06"]
[Round "4"]
[White "Mongontuul,B"]
[Black "Hou Yifan"]
[Result "1-0"]
[WhiteElo "2383"]
[BlackElo "2481"]
[EventDate "2006.10.03"]

1. e4 c5 2. Nc3 Nc6 3. g3 g6 4. Bg2 Bg7 5. Nge2 d6 6. O-O e6 7. d3 Nge7 8.
Be3 Nd4 9. Rb1 Nec6 10. a3 O-O 11. b4 b6 12. e5 d5 13. f4 Qe7 14. Bxd4 cxd4
15. Nb5 f6 16. Nbxd4 Nxd4 17. Nxd4 fxe5 18. fxe5 Rxf1+ 19. Qxf1 Bxe5 20.
Nc6 Qd6 21. Nxe5 Qxe5 22. Re1 Qd4+ 23. Qf2 Qxf2+ 24. Kxf2 Bd7 25. c4 Rf8+
26. Ke3 dxc4 27. dxc4 Rc8 28. Kd4 Kf7 29. c5 bxc5+ 30. bxc5 Bb5 31. Rxe6 a6
32. Rd6 Ke7 33. Kd5 Rf8 34. Re6+ Kd8 35. Be4 Rf2 36. c6 Rxh2 37. Kd6 Rd2+
38. Bd5 Bxc6 39. Kxc6 Rd3 40. Rd6+ Ke7 41. Re6+ Kf8 42. Rf6+ Kg7 43. Rf3
Rd4 44. Kc5 Ra4 45. Bc6 Rg4 46. Kb6 Rc4 47. Bb7 1-0

[Event "WJun Girls"]
[Site "Yerevan ARM"]
[Date "2006.10.06"]
[Round "4"]
[White "Harika,D"]
[Black "Purtseladze,M"]
[Result "1/2-1/2"]
[WhiteElo "2353"]
[BlackElo "2329"]
[EventDate "2006.10.03"]

1. Nf3 Nf6 2. c4 e6 3. Nc3 Bb4 4. g3 b6 5. Bg2 Bb7 6. O-O O-O 7. d3 d5 8.
cxd5 exd5 9. Bf4 Bd6 10. Bxd6 Qxd6 11. Rc1 c5 12. d4 Nbd7 13. dxc5 bxc5 14.
Nh4 Rab8 15. b3 Qe5 16. e3 Rfd8 17. Na4 Ne4 18. Nf3 Qe7 19. Qc2 Bc6 20. Nc3
Ndf6 21. Nxe4 dxe4 22. Nd2 Bb5 23. Nc4 Rd3 24. Nb2 Rd5 25. Rfd1 1/2-1/2